| 000 | 01288cam a2200421 i 4500 | ||
|---|---|---|---|
| 999 |
_c4610 _d4610 |
||
| 001 | vtls000102508 | ||
| 003 | NUKAT | ||
| 005 | 20181129083718.0 | ||
| 008 | 030225s1979 pl a | |001 ||pol|c | ||
| 020 | _a8301005459 | ||
| 035 | _azz2003881798 | ||
| 039 | 9 |
_a201708221104 _bkopkul _c201509012242 _dkopumk _c201507211032 _dvpski _c201309111051 _dvplo |
|
| 040 |
_aLUBL 58/HR _cLUBL 58/HR _dLUBL 58/LK |
||
| 100 | 1 |
_aNiezgodziński, Michał Edward _d(1919-2010). |
|
| 245 | 1 | 0 |
_aWytrzymałość materiałów / _cMichał Edward Niezgodziński, Tadeusz Niezgodziński. |
| 250 | _aWyd. 11 zm. | ||
| 260 |
_aWarszawa : _bPaństwowe Wydaw. Naukowe, _c1979. |
||
| 300 |
_a514, [1] s. : _brys. ; _c24 cm. |
||
| 504 | _aSkorowidz. | ||
| 650 |
_aWytrzymałość materiałów _vpodręczniki akademickie. |
||
| 951 | _aKIEL_008 | ||
| 700 | 1 |
_aNiezgodziński, Tadeusz _d(1945- ). |
|
| 710 | 2 |
_aPaństwowe Wydawnictwo Naukowe (1951-1992). _4pbl _9995 |
|
| 982 | _aBYDG_24 | ||
| 942 |
_2ddc _cBK |
||
| 980 | _aSZCZ_ZUT | ||